Kamen Rider Build - Full Bottle - Statistics

General Stats
  • This quiz has been taken 61 times
  • The average score is 18 of 60
Answer Stats
Biotic % Correct
Rabbit
100%
Tank
100%
Comic
77%
Ninja
77%
Dragon
74%
Gorilla
74%
Diamond
72%
Lock
67%
Panda
64%
Lion
59%
Octopus
59%
Gatling
56%
Rose
51%
Taka
51%
Kaizoku
46%
Light
46%
Robot
46%
Rocket
44%
Smartphone
44%
Wolf
44%
Helicopter
36%
Densha
33%
Phoenix
33%
Tora
33%
Bat
31%
Soujiki
28%
Kuma
26%
Televi / TV
26%
Bike
23%
UFO
23%
Camera
21%
Harinezumi
21%
Jet
18%
Engine
15%
Kirin
15%
Same
15%
Turtle
15%
Unicorn
15%
Watch
15%
Penguin
13%
Spider
13%
Dog
10%
Mic
10%
Cake
8%
Kabutomushi
8%
Keshigomu
8%
Kujira
8%
Obake
8%
Pyramid
8%
Reizoko
8%
Sai
8%
Santa Claus
8%
Hachi
5%
Senpuki
5%
Shika
5%
Skateboard
5%
Dryer
3%
Magnet
3%
Shoubusha
3%
Sensuikan
0%
No matching quizzes found
Score Distribution
Percent of People with Each Score
Percentile by Number Answered
Your Score History
You have not taken this quiz